000 00497nam a2200169 a 4500
001 000040691
005 20201002034316.0
008 130905s1987 mx 000 0 spa d
020 _a9681318110
040 _aDO-SdBNP
_bspa
_cBNPHU
082 _axxxx
_bxxxx
100 1 _aPaso, Fernando del,
_d1935-
_916649
245 1 0 _aNoticias del imperio /
_cFernando del Paso.
260 _aMéxico, :
_bDiana,
_c1987.
300 _a670 p. ;
_c21 cm.
500 _aLa biblioteca posee la 11a impresión del 1989
999 _c40181
_d40181